Normal view
MARC view
- Rosenthal, Franz,
Entry Personal Name
001 - CONTROL NUMBER
- control field: 134415
003 - CONTROL NUMBER IDENTIFIER
- control field: NUST
005 - DATE AND TIME OF LATEST TRANSACTION
- control field: 20260512120500.0
008 - FIXED-LENGTH DATA ELEMENTS
- fixed length control field: 260512|| aca||aabn | a|a d
040 ## - CATALOGING SOURCE
- Original cataloging agency: NUST
- Transcribing agency: NUST
100 ## - HEADING--PERSONAL NAME
- Personal name: Rosenthal, Franz,
- Dates associated with a name: 1914-2003
670 ## - SOURCE DATA FOUND
- Source citation: Work cat.: (NUST): Khaldun, Ibn 1332-1406. 134412, The Muqaddimah:, 2005.
